LEADER 00997oam 2200265z- 450 001 9910671873503321 005 20160815151142.0 010 $a84-8320-210-7 035 $a(CKB)3400000000029116 035 $a(EXLCZ)993400000000029116 100 $a20121018c2002uuuu -u- - 101 0 $aeng 200 10$aDerecho de la biotecnologi?a vegetal $ela regulacio?n de las plantas transge?nicas /$fLorenzo Mellado Ruiz 210 $aSpain$cInstituto Nacional de Administración Pública (INAP) 606 $aPlant biotechnology industry$xLaw and legislation$zSpain 606 $aGermplasm resources, Plant$xLaw and legislation 606 $aPlant varieties$vPatents 615 0$aPlant biotechnology industry$xLaw and legislation 615 0$aGermplasm resources, Plant$xLaw and legislation. 615 0$aPlant varieties 700 $aMellado Ruiz$b Lorenzo$01333210 906 $aBOOK 912 $a9910671873503321 996 $aDerecho de la biotecnologi?a vegetal$93044593 997 $aUNINA